00701cam a22002173a 450000100060000000300060000600500170001200800410002904000150007004200070008505000070009224500950009926000290019450600300022351600200025365300540027365300380032765300470036583000290041285600420044136124PGUSA20140828083759.0110516s2011||||xxu|||||s|||||000 | eng d aPGUSAbeng adc 4aAP14aThe International Monthly, Volume 4, No. 1, August, 1851h[electronic resource] /cVarious bProject Gutenberg,c2011 aPublic domain in the USA. aElectronic text aLiterature, Modern -- 19th century -- Periodicals aScience -- History -- Periodicals aArt, Modern -- 19th century -- Periodicals 0aProject Gutenbergv3612440uhttp://www.gutenberg.org/ebooks/36124